Statistics for Medicine by Pharmaceutical Company

Click here to take the quiz!

General Stats

  • This quiz has been taken 64 times
  • The average score is 3 of 14

Answer Stats

Medicine 1Medicine 2Company% Correct
LipitorNorvascPfizer
77%
BenadrylJohnson & Johnson
52%
AspirinClaritinBayer
48%
AdvilSensodyneGlaxoSmithKline (gsk)
41%
ZestrilToprolAstraZeneca
36%
PrinivilZocorMerck & Co. (MSD)
27%
LopressorNovartis
21%
ProAirTeva Pharmaceuticals
13%
ratioDolorLaxansRatiopharm
5%
CēpacolReckitt Benckiser (rb)
5%
IbumetinTakeda
4%
RiometRanbaxy Laboratories
2%
FloLipidPerrigo
0%
ZyrtecUCB
0%

Score Distribution

Percentile by Number Answered

Percent of People with Each Score

Your Score History

You have not taken this quiz